Chicago Subway Stops (Brown Line) - Statistics

General Stats
  • This quiz has been taken 26 times
  • The average score is 22 of 27
Answer Stats
Hint Answer % Correct
Near North Side (Brown/Purple + River North Gallery District) Chicago
100%
The Loop (Blue/Brown/Green/Orange/Pink/Purple) Clark/Lake
100%
Albany Park Kimball
100%
The Loop (Brown/Green/Orange/Pink/Purple) State/Lake
100%
The Loop (Brown/Green/Orange/Pink/Purple) Washington/Wabash
100%
The Loop (Brown/Orange/Pink/Purple) Washington/Wells
100%
The Loop (Brown/Green/Orange/Pink/Purple) Adams/Wabash
89%
Lincoln Square (Ravenswood) Damen
89%
The Loop (Brown/Orange/Pink/Purple) Harold Washington Library-State/Van Buren
89%
Lakeview (Brown/Purple/Red + Boystown) Belmont
78%
Lincoln Park (Brown/Purple/Red + Depaul University) Fullerton
78%
Albany Park Kedzie
78%
The Loop (Brown/Orange/Pink/Purple) LaSalle/Van Buren
78%
Near North Side (Brown/Purple + River North) Merchandise Mart
78%
Lakeview (Lincoln & Roscoe) Paulina
78%
The Loop (Brown/Orange/Pink/Purple) Quincy
78%
Near North Side (Brown/Purple + Old Town) Sedgwick
78%
Lakeview (Lakeview West) Southport
78%
Lakeview (Brown/Purple + Lakeview East) Wellington
78%
Lincoln Square (Lincoln Avenue) Western
78%
North Center (Roscoe Village) Addison
67%
Lincoln Park (Brown/Purple + RANCH Triangle) Armitage
67%
Lincoln Park (Brown/Purple) Diversey
67%
Albany Park (Ravenswood Manor) Francisco
67%
North Center Irving Park
67%
Lincoln Square (Ravenswood) Montrose
67%
Lincoln Square Rockwell
67%
No matching quizzes found
Score Distribution
Percent of People with Each Score
Percentile by Number Answered
Your Score History
You have not taken this quiz